Normal view MARC view
  • Berrien, F. Kenneth

Entry Nombre Personal

Number of records used in: 1

001 - NUMERO DE CONTROL

  • campo de control: 53055

003 - IDENTIFICADOR DE NUMERO DE CONTROL

  • campo de control: DLC

005 - FECHA Y HORA DE LA ÜLTIMA TRANSACCIÓN

  • campo de control: 20240815125237.0

008 - DATOS DE LONGITUD FIJA

  • campo de control de longitud fija: 970116n| acannaab| |a aaa c

010 ## - NÚMERO DE CONTROL DE LA BIBLIOTECA DEL CONGRESO

  • Número de control LC: no 97003214

035 ## - NUMERO DE CONTROL

  • Número de control: (OCoLC)oca04249160

040 ## - FUENTE DE CATALOGACIÓN

  • Agencia original de catalogación: MdU
  • Lenguaje de catalogación: spa
  • Agencia de transcripción: MdU
  • Agencia que lo modifica: MX-MxUPN

100 1# - ENCABEZAMIENTO - NOMBRE PERSONAL

  • Nombre personal: Berrien, F. Kenneth
  • Fuller form of name: (Frederick Kenneth)

400 10 - VEÁSE - NOMBRE DE PERSONA

  • Control subfield: nna
  • Personal name: Berrien, Frederick Kenneth

670 ## - FUENTE EN LA QUE SE LOCALIZARON DATOS

  • Cita de la fuente: People, groups, and organizations, c1968:
  • Información localizada: portada (F. Kenneth Berrien)

670 ## - FUENTE EN LA QUE SE LOCALIZARON DATOS

  • Cita de la fuente: Applied psychology, c1966:
  • Información localizada: portada (F.K. Berrien)

670 ## - FUENTE EN LA QUE SE LOCALIZARON DATOS

  • Cita de la fuente: LC database, Jan. 7, 1997
  • Información localizada: (hdg.: Berrien, Frederick Kenneth; usage: F. Kenneth Berrien, F.K. Berrien)

670 ## - FUENTE EN LA QUE SE LOCALIZARON DATOS

  • Cita de la fuente: Psicología aplicada, 1972:
  • Información localizada: portada (F. Kenneth Berrien)

902 ## - CATALOGADOR

  • Catalogador: Víctor Ruiz/150824